Graphs, dynamic programming, and finite games /

Guardado en:
Autor Principal: Kaufmann, A. 1911-
Formato: Libro
Idioma:English
French
Publicado: New York : Academic Press, 1967.
Series:Mathematics in science and engineering ; 36
Materias:
Etiquetas: Agregar Etiqueta
Sin Etiquetas, Sea el primero en etiquetar este registro!
LEADER 01034cam a22002655a 4500
001 MAT.inmabb005061
008 740801s1967####nyua#####b####001#0#eng##
005 20170823133201.0
245 1 0 |a Graphs, dynamic programming, and finite games /  |c by A. Kaufmann ; translated by Henry C. Sneyd. 
260 |a New York :  |b Academic Press,  |c 1967. 
300 |a xvii, 484 p. :  |b il. ;  |c 24 cm. 
440 0 |a Mathematics in science and engineering ;  |v 36 
500 |a Traducción de: Méthodes et modèles de la recherche opérationnelle, v. 2. Paris : Dunod, 1964. 
504 |a Bibliografía: p. 473-479. 
510 4 |a MR,  |c 34 #2332b  |3 (versión original) 
100 1 |a Kaufmann, A.  |q (Arnold),  |d 1911- 
240 1 0 |a Méthodes et modèles de la recherche opérationnelle.  |n Volume 2.  |l Inglés 
084 |a 90.30  |2 MR 
650 0 |a Graph theory. 
650 0 |a Games of strategy (Mathematics) 
650 0 |a Programming (Mathematics) 
010 |a  66029729  
040 |a DLC  |c DLC  |d DLC 
041 1 |a eng  |h fre 
859 |h 90  |i K21g  |p A-2581  |b BIB. MATEMATICA